Word Ladder: Saigon Quiz Stats

 Plays Quiz Updated Nov 12, 2015

Challenge
Share
Tweet
Embed
Score 0/20 Timer 02:00
0 Plays Today
Clue 3-Letter Word % Correct
Gardening tool✱ HOE ✱
94.7%
60 secs.MIN.
93.7%
Caviar, e.g.ROE
89.6%
Canine command✱ SIT ✱
89.1%
Carly ___ JepsenRAE
88.1%
A transgressionSIN
86.4%
Part of a Wimbledon matchSET
85.8%
It's mightier than the swordPEN
85.4%
Those who make up the patriarchy✱ MEN ✱
84.6%
“Groovy!” or, math partner of deg.RAD
77.6%
Clue 3-Letter Word % Correct
___: MiamiCSI
77%
___ Thai noodle dishPAD
76%
Kung ___ chicken dishPAO
73.7%
___ Offensive in VietnamTET
71.9%
Architect I. M.PEI
66%
Ψ to an AthenianPSI
63.3%
X to an Athenian✱ CHI ✱
62.9%
Vietnamese noodle dishPHỞ
58.5%
Harry Potter's girlfriend pre-GinnyCHO
57.9%
Pu-erh or rooibos, e.g.✱ TEA ✱
43.6%

Today's Daily Dose

You're not logged in!

Compare scores with friends on all Sporcle quizzes.
Join for Free
OR
Log In

You Might Also Like...

Show Comments

Extras

Top Quizzes Today


Score Distribution

Your Account Isn't Verified!

In order to create a playlist on Sporcle, you need to verify the email address you used during registration. Go to your Sporcle Settings to finish the process.

Report this User

Report this user for behavior that violates our Community Guidelines.

Details: